000 00728nab a2200217 4500
003 BR-BrBNA
005 20250513132226.0
008 250513b bl.||||| |||| 00| 0 por d
040 _aBR-BrBNA
_bpor
072 _aE10 ; E13 ; E20
100 _aPinto, Luís Carlos Guedes
245 _aPor uma nova política agrícola
_bEspecial 1
500 _a2 illus.
650 _aPOLÍTICA AGRÍCOLA
650 _aFINANCIAMENTO
650 _aCRÉDITO RURAL
650 _aSEGURO RURAL
773 0 _01706
_9347836
_dSão Paulo-SP Editora Três Ltda - E-mail: luizfsa@revistadinheiro.com.br 2004
_o2025-0337
_tDinheiro Rural (Brazil)
_x1807-3700
_gv. 4(27) p. 60; (Jan 2007)
_wBR2025001087
942 _cANA
999 _c331479
_d331479